Sports Quiz

Random Sports or Country Quiz

My FIFA World Club Ranking Quiz Stats

Quiz not verified by Sporcle

Challenge
Share
Tweet
Embed
Score 0/157 Timer 20:00
0 Plays Today
Country/League Club % Correct
Spain / Liga BBVAReal Madrid
97.6%
Spain / Liga BBVABarcelona
92.9%
Spain / Liga BBVA Atletico Madrid
83.5%
England / Barclays Premier LeagueChelsea
80%
Italy / Serie A Juventus
78.8%
Germany / Bundesliga Bayern Munchen
77.6%
Spain / Liga BBVASevilla
75.3%
Germany / BundesligaBorussia Dortmund
74.1%
Portugal / Primeira Liga Benfica
72.9%
England / Barclays Premier LeagueManchester United
72.9%
England / Barclays Premier League Manchester City
71.8%
England / Barclays Premier League Arsenal
70.6%
Spain / Liga BBVAValencia
70.6%
Portugal / Primeira LigaPorto
69.4%
England / Barclays Premier LeagueLiverpool
65.9%
Germany / Bundesliga Bayer Leverkusen
64.7%
Italy / Serie ARoma
62.4%
Italy / Serie A Inter
61.2%
Italy / Serie ANapoli
60%
England / Barclays Premier League Tottenham Hotspur
57.6%
France / Ligue 1 Marseille
57.6%
England / Barclays Premier LeagueEverton
55.3%
Netherlands / Eredevise Ajax
55.3%
Portugal / Primeira LigaSporting Lisbon
55.3%
Brasil / Campeonato BrasileiroCorinthians
54.1%
Italy / Serie A Milan
54.1%
Netherlands / EredevisePSV
54.1%
Germany / Bundesliga Wolfsburg
52.9%
Switzerland / Swiss Super LeagueBasel
51.8%
Italy / Serie ALazio
51.8%
Spain / Liga BBVAMalaga
51.8%
Scotland / Scottish Premier LeagueCeltic
51.8%
Russia / SOGAZ Russian Football ChampionshiipZenit
50.6%
Spain / Liga BBVAVillarreal
50.6%
England / Barclays Premier LeagueSouthampton
50.6%
Italy / Serie AFiorentina
48.2%
Germany / Bundesliga Schalke
48.2%
Ukraine / Ukrainian Premier LeagueDynamo Kiev
48.2%
Brasil / Campeonato Brasileiro Sao Paulo
47.1%
Greece / Super League Greece Olympiakos
47.1%
Netherlands / Eredevise AZ Alkmaar
47.1%
Turkey / Turkish Football League Galatasaray
47.1%
France / Ligue 1Bordeaux
47.1%
Belgium / Belgian Pro LeagueAnderlecht
47.1%
Germany / Bundesliga Werder Bremen
47.1%
France / Ligue 1Olympique Lyon
45.9%
England / Barclays Premier LeagueStoke City
45.9%
England / Barclays Premier League Sunderland
45.9%
Italy / Serie A Parma
45.9%
France / Ligue 1Nantes
45.9%
England / Barclays Premier League Aston Villa
45.9%
England / Barclays Premier LeagueWest Ham
45.9%
Germany / BundesligaEintracht Frankfurt
44.7%
Country/League Club % Correct
France / Ligue 1 Saint Etienne
44.7%
Italy , Serie A Udinese
44.7%
Netherlands / Eredevise Feyenoord
44.7%
England / Barclays Premier League Hull City
44.7%
Ukraine / Ukrainian Premier LeagueDnipro
43.5%
Ukraine / Ukrainian Premier LeagueShakhtar Donetsk
42.4%
England / Barclays Premier LeagueNewcastle United
42.4%
Portugal / Primeira LigaBraga
42.4%
Spain / Liga BBVA Getafe
42.4%
Italy / Serie AAtalanta
42.4%
Scotland / Scottish Premier LeagueAberdeen
42.4%
Scotland / Scottish Championship Rangers
42.4%
Germany / BundesligaMainz
41.2%
England / Barclays Premier LeagueSwansea City
41.2%
Germany / BundesligaHannover
41.2%
France / Ligue 1Toulouse
41.2%
Turkey / Turkish Football LeagueFenerbahce
41.2%
Italy / Serie ACagliari
41.2%
England / Sky Bet ChampionshipFulham
41.2%
Scotland / Scottish Premier LeagueDundee
41.2%
Bulgaria / Bulgarian Football League Ludogorets
40%
Belgium / Belgian Pro LeagueClub Brugge
40%
France / Ligue 1Lorient
40%
Belgium / Belgian Pro LeagueGenk
40%
France / Ligue 1 Montpellier
40%
England / Sky Bet ChampionshipCardiff City
40%
England / Barclays Premier LeagueCrystal Palace
38.8%
Argentina / Argentine Primera DivisionBoca Juniors
38.8%
Turkey / Turkish Football LeagueBesiktas
38.8%
Belgium / Belgian Pro LeagueStandard Liege
38.8%
Germany / Bundesliga Stuttgart
38.8%
Italy / Serie A Catania
38.8%
Germany / Bundesliga Freiburg
37.6%
England / Sky Bet ChampionshipNorwich City
37.6%
Scotland / Scottish Premier League Motherwell
37.6%
England / Barclays Premier League Leicester City
37.6%
England / Barclays Premier League Burnley
37.6%
England / Sky Bet Championship Wigan Athletic
36.5%
Italy / Serie A Palermo
36.5%
Spain / Liga BBVAReal Sociedad
35.3%
Italy / Serie AGenoa
35.3%
Netherlands / Eredevise Twente
35.3%
Serbia / Serbian SuperligaPartizan
35.3%
Switzerland / Swiss Super LeagueZurich
35.3%
Uruguay / Argentina / Argentine Primera DivisionRiver Plate
35.3%
Italy / Serie BLivorno
35.3%
England / Sky Bet Championship Brighton
35.3%
Spain / Liga BBVA Espanyol
34.1%
Germany / Bundesliga Hertha
34.1%
Italy / Serie A Bologna
34.1%
Slovenia / Slovenia PVRA Liga Maribor
32.9%
Scotland / Scottish Premier LeagueDundee United
32.9%
Brazil / Campeonato Brasileiro Flamengo
31.8%
Country/League Club % Correct
Brasil / Campeonato Brasileiro Santos
31.8%
Russia / SOGAZ Russian Football ChampionshipRubin Kazan
31.8%
United States / Major League SoccerNew York Red Bulls
31.8%
France / Ligue 2 Ajaccio
31.8%
England / Sky Bet League 1Sheffield United
31.8%
France / Ligue 1Paris Saint German
30.6%
Croatia / Croatian Football LeagueDinamo Zagreb
30.6%
Scotland / Scottish Premier LeagueSt Mirren
30.6%
Italy / Serie ACesena
30.6%
Greece / Super League Greece Paok
29.4%
United States / Major Soccer League LA Galaxy
29.4%
England / Barclays Premier LeagueQueens Park Rangers
29.4%
Turkey / Turkish Football LeagueTrabzonspor
28.2%
England / Barclays Premier LeagueWest Brom
28.2%
Russia / SOGAZ Russian Football ChampionshipAnzhi
28.2%
France / Ligue 1Valenciennes
28.2%
Italy / Serie A Empoli
28.2%
Italy / Serie AHellas Verona
27.1%
Germany / Bundesliga Hamburger
27.1%
Switzerland / Swiss Super LeagueYoung Boys
27.1%
Austria / Austrian Football BundesligaRapid Wien
27.1%
Spain / Liga BBVAAtletico Bilbao
25.9%
France / Ligue 1 Lille
25.9%
United States / Major League Soccer Columbus Crew
24.7%
Canada / United States / Major League SoccerToronto
24.7%
Spain / Liga BBVAReal Betis
23.5%
United States / Major Soccer LeagueSeattle Sounders
23.5%
South Africa / National Premier Soccer LeagueOrlando Pirates
23.5%
Spain / Liga BBVA Levante
22.4%
Mexico / Liga Bancomer MX America
20%
United States / Major League SoccerChicago Fire
18.8%
Norway / Tippeligaen Tromso
18.8%
South Africa / National Premier Soccer LeagueKaizer Chiefs
16.5%
Belgium / Belgian Pro LeagueCercle Brugge
16.5%
Germany / Bundesliga Hoffenheim
14.1%
Scotland / Scottish Premier LeagueHibernian
14.1%
Spain / Liga BBVAOsasuna
12.9%
United States / Major League Soccer New England
12.9%
England / Sky Bet Championship Charlton
12.9%
France / Ligue 1Evian
11.8%
United States / Major League SoccerEarthquakes
11.8%
Spain / Liga BBVA Almeria
9.4%
Unites States / Major League Soccer Chivas
9.4%
France / Ligue 1Lens
8.2%
United States / Major League Soccer Real Salt Lake
7.1%
Germany / BundesligaBorussia M`gladbach
5.9%
Denmark / Danish SuperligaKobenhavn
5.9%
Russia / SOGAZ Russian Football Championship Dinamo Moskva
4.7%
Russia / SOGAZ Russian Football ChampionshipSpartak Moskva
3.5%
Russia / SOGAZ Russian Football ChampionshipMoskva
2.4%
Greece / Super League Greece Panathiniakos
2.4%

You're not logged in!

Compare scores with friends on all Sporcle quizzes.
Sign Up with Email
OR
Log In

You Might Also Like...

Show Comments

Extras

Top Quizzes Today


Score Distribution

Your Account Isn't Verified!

In order to create a playlist on Sporcle, you need to verify the email address you used during registration. Go to your Sporcle Settings to finish the process.

Report this User

Report this user for behavior that violates our Community Guidelines.

Details: